[Event "Bayern-ch Seniors op 27th"]
[Site "Bergen"]
[Date "2015.06.15"]
[Round "7"]
[White "Pidtoptanyy, Igor"]
[Black "Braeu, Ludwig"]
[Result "1-0"]
[WhiteElo "1823"]
[BlackElo "1733"]
[PlyCount "105"]
[EventDate "2015.06.15"]
[EventType "swiss"]
[EventRounds "9"]
[EventCountry "GER"]
[SourceTitle "EXT 2019"]
[Source "ChessBase"]
[SourceDate "2018.10.10"]
[SourceVersion "1"]
[SourceVersionDate "2018.10.10"]
[SourceQuality "1"]

1. e4 c5 2. Nf3 Nc6 3. c3 Nf6 4. e5 Nd5 5. d4 cxd4 6. cxd4 d6 7. Bc4 Nb6 8. Bb5 dxe5 9. Nxe5 Bd7 10. Nxd7 Qxd7 11. 0-0 Rd8 12. Nc3 e6 13. Qg4 h5 14. Qe4 a6 15. Bxc6 Qxc6 16. Qxc6+ bxc6 17. Be3 Be7 18. Rfd1 0-0 19. Rac1 f5 20. Ne2 Rc8 21. Nf4 Kf7 22. Nd3 Bf6 23. Nb4 Nd5 24. Nxc6 f4 25. Bd2 Rc7 26. Ba5 Rb7 27. b3 Rb5 28. Kf1 g5 29. Rc5 Ra8 30. Rc4 g4 31. Be1 Rg8 32. Nb4 Nxb4 33. Bxb4 Rd8 34. Ke2 Rbd5 35. Bc3 e5 36. Kd3 h4 37. Rc6 exd4 38. Bd2 R8d6 39. Rxd6 Rxd6 40. Bxf4 Re6 41. Rc1 Kg6 42. Bd2 Be5 43. Re1 Kf5 44. g3 h3 45. Rc1 Rd6 46. Rc8 Rf6 47. Rg8 Ke6 48. Be1 Kf5 49. Bb4 Rc6 50. Rf8+ Kg6 51. Bd2 Kg7 52. Rf5 Bf6 53. Rf4 1-0

[Event "Bayern-ch Seniors op 27th"]
[Site "Bergen"]
[Date "2015.06.15"]
[Round "3"]
[White "Pidtoptanyy, Igor"]
[Black "Kunte, Herbert"]
[Result "1-0"]
[WhiteElo "1823"]
[BlackElo "1594"]
[PlyCount "111"]
[EventDate "2015.06.15"]
[EventType "swiss"]
[EventRounds "9"]
[EventCountry "GER"]
[SourceTitle "EXT 2019"]
[Source "ChessBase"]
[SourceDate "2018.10.10"]
[SourceVersion "1"]
[SourceVersionDate "2018.10.10"]
[SourceQuality "1"]

1. e4 g6 2. d4 Bg7 3. Nc3 d6 4. f4 Nd7 5. Nf3 c6 6. Be2 Qc7 7. 0-0 e6 8. Be3 Ne7 9. Qd2 0-0 10. Rad1 a6 11. Bd3 b5 12. Ne2 Bb7 13. c3 Nf6 14. h3 Rad8 15. Ng3 c5 16. Qf2 c4 17. Bb1 d5 18. e5 Nd7 19. Ng5 Qc6 20. Qd2 f6 21. Nf3 f5 22. h4 Bc8 23. h5 Rfe8 24. Kf2 a5 25. Rh1 Qb6 26. a3 Nc6 27. hxg6 hxg6 28. Nh4 Nf8 29. Ne2 b4 30. axb4 axb4 31. g4 bxc3 32. bxc3 Re7 33. Bc2 Ra7 34. Rb1 Qa5 35. gxf5 gxf5 36. Qc1 Qc7 37. Ng3 Ra2 38. Nh5 Rd7 39. Rb2 Qa5 40. Rg1 Rxb2 41. Qxb2 Kh8 42. Nxf5 exf5 43. Bxf5 Rb7 44. Qc2 Bxf5 45. Qxf5 Qd8 46. Qg4 Qe7 47. Nf6 Nh7 48. Nh5 Rc7 49. f5 Nxe5 50. dxe5 Qxe5 51. Bd4 Qh2+ 52. Rg2 Bxd4+ 53. cxd4 Qxg2+ 54. Qxg2 c3 55. Qg3 Rc8 56. Qg7# 1-0

[Event "Bayern-ch Seniors op 27th"]
[Site "Bergen"]
[Date "2015.06.15"]
[Round "1"]
[White "Pidtoptanyy, Igor"]
[Black "Peiberg, Ehrhard"]
[Result "1-0"]
[WhiteElo "1823"]
[BlackElo "1469"]
[PlyCount "53"]
[EventDate "2015.06.15"]
[EventType "swiss"]
[EventRounds "9"]
[EventCountry "GER"]
[SourceTitle "EXT 2019"]
[Source "ChessBase"]
[SourceDate "2018.10.10"]
[SourceVersion "1"]
[SourceVersionDate "2018.10.10"]
[SourceQuality "1"]

1. e4 g6 2. d4 Bg7 3. Nc3 d6 4. f4 Nf6 5. Nf3 0-0 6. Bd3 Nbd7 7. e5 dxe5 8. fxe5 Ng4 9. Ne4 f5 10. Bc4+ Kh8 11. Neg5 Ndxe5 12. Nxe5 Nxe5 13. dxe5 Qxd1+ 14. Kxd1 Bxe5 15. Nf7+ Rxf7 16. Bxf7 e6 17. Re1 Bxh2 18. Bxe6 Bxe6 19. Rxe6 Rd8+ 20. Ke2 f4 21. Bd2 Kg8 22. Re7 h5 23. Bc3 Kf8 24. Re6 Rd6 25. Rxd6 cxd6 26. Bb4 Ke7 27. Rd1 1-0

[Event "Bayern-ch Seniors op 27th"]
[Site "Bergen"]
[Date "2015.06.15"]
[Round "4"]
[White "Willin, Bernhard"]
[Black "Pidtoptanyy, Igor"]
[Result "1/2-1/2"]
[WhiteElo "1691"]
[BlackElo "1823"]
[PlyCount "59"]
[EventDate "2015.06.15"]
[EventType "swiss"]
[EventRounds "9"]
[EventCountry "GER"]
[SourceTitle "EXT 2019"]
[Source "ChessBase"]
[SourceDate "2018.10.10"]
[SourceVersion "1"]
[SourceVersionDate "2018.10.10"]
[SourceQuality "1"]

1. d4 Nf6 2. c4 e5 3. e3 exd4 4. exd4 Bb4+ 5. Bd2 Qe7+ 6. Be2 0-0 7. a3 Bxd2+ 8. Qxd2 d5 9. Nf3 Re8 10. Nc3 Be6 11. 0-0 Nc6 12. Rfe1 Qd7 13. c5 Ne4 14. Qc2 Bg4 15. Rad1 Nxc3 16. Qxc3 f6 17. Bb5 Qf5 18. Rxe8+ Rxe8 19. Re1 Rxe1+ 20. Qxe1 Kf7 21. Nd2 Qc2 22. Bxc6 bxc6 23. h3 Bd7 24. b4 Qb2 25. Qe3 g5 26. Nf3 Qb1+ 27. Kh2 h5 28. Ng1 Qb2 29. Ne2 Bf5 30. Ng1 1/2-1/2

[Event "Mittelfranken-chTB2a 1415"]
[Site "Mittelfranken"]
[Date "2015.02.08"]
[Round "6.6"]
[White "Classen, Anton"]
[Black "Pidtoptanyy, Igor"]
[Result "1-0"]
[WhiteElo "1820"]
[BlackElo "1828"]
[PlyCount "107"]
[EventDate "2014.09.28"]
[EventType "team-tourn"]
[EventRounds "9"]
[EventCountry "GER"]
[SourceTitle "EXT 2020"]
[Source "ChessBase"]
[SourceDate "2019.10.17"]
[SourceVersion "1"]
[SourceVersionDate "2019.10.17"]
[SourceQuality "1"]
[WhiteTeam "Buechenbach/Roth II"]
[BlackTeam "Nuernberg Sued SW IV"]
[WhiteTeamCountry "GER"]
[BlackTeamCountry "GER"]

1. e4 e6 2. d4 d5 3. exd5 exd5 4. Bd3 Nc6 5. c3 Bd6 6. Ne2 Nf6 7. Bg5 h6 8. Bh4 0-0 9. f4 Re8 10. 0-0 Qe7 11. h3 Qe3+ 12. Bf2 Qe7 13. Bh4 Qe3+ 14. Bf2 Qe6 15. f5 Qd7 16. Ng3 Ne4 17. Bxe4 dxe4 18. Qg4 e3 19. Nh5 exf2+ 20. Kh1 g6 21. Nf6+ Kh8 22. Nxd7 Bxd7 23. Nd2 Bxf5 24. Qf3 Re7 25. Qxf2 Rae8 26. Rfe1 Kg8 27. Rxe7 Rxe7 28. Re1 Rxe1+ 29. Qxe1 Be6 30. a3 Ne7 31. Ne4 Nf5 32. Nxd6 Nxd6 33. Qe5 Kf8 34. Qh8+ Ke7 35. Qxh6 c6 36. Qe3 Nf5 37. Qe1 g5 38. g4 Nd6 39. Kg2 f6 40. Qd1 Bd5+ 41. Kh2 b5 42. a4 a6 43. axb5 axb5 44. Qa1 Nc4 45. Qa7+ Ke6 46. Qa1 Nd2 47. Qe1+ Ne4 48. b3 f5 49. gxf5+ Kxf5 50. Qb1 Kf4 51. Qc2 Nd6 52. Qf2+ Ke4 53. Qe2+ Kf5 54. Qe5+ 1-0

[Event "Mittelfranken-chTB2a 1415"]
[Site "Mittelfranken"]
[Date "2014.09.28"]
[Round "1.7"]
[White "Pidtoptanyy, Igor"]
[Black "Schindler, Jan"]
[Result "1-0"]
[WhiteElo "1828"]
[BlackElo "1565"]
[PlyCount "81"]
[EventDate "2014.09.28"]
[EventType "team-tourn"]
[EventRounds "9"]
[EventCountry "GER"]
[SourceTitle "EXT 2020"]
[Source "ChessBase"]
[SourceDate "2019.10.17"]
[SourceVersion "1"]
[SourceVersionDate "2019.10.17"]
[SourceQuality "1"]
[WhiteTeam "Nuernberg Sued SW IV"]
[BlackTeam "Anderssen/78 Nuernberg"]
[WhiteTeamCountry "GER"]
[BlackTeamCountry "GER"]

1. e4 e5 2. Nc3 Nc6 3. Nf3 Nf6 4. d4 exd4 5. Nxd4 Nxd4 6. Qxd4 d6 7. Be2 Be7 8. Bf4 0-0 9. 0-0 Bd7 10. Rad1 Qc8 11. Rfe1 Re8 12. e5 dxe5 13. Bxe5 Bc6 14. Qf4 Bd8 15. h3 h6 16. Bc4 Rf8 17. Nb5 Bxb5 18. Bxb5 c6 19. Bd3 b5 20. Bd6 Re8 21. c4 Ba5 22. b4 bxc4 23. Bf5 Rxe1+ 24. Rxe1 Qd8 25. bxa5 Qxa5 26. Rc1 Qxa2 27. Qxc4 Qd2 28. Qxc6 Rd8 29. Be7 Rb8 30. Qc8+ Ne8 31. Qxb8 Qxc1+ 32. Kh2 Qc6 33. Qd8 Qb5 34. Bd7 Qe5+ 35. g3 Qe2 36. Qxe8+ Kh7 37. Bc5 Qc2 38. Bxa7 f5 39. Qf7 Qb2 40. Bxf5+ Kh8 41. Qf8# 1-0

[Event "Mittelfranken-ch HT 63rd"]
[Site "Nuremberg"]
[Date "2014.04.18"]
[Round "9"]
[White "Rausch, Wolfgang1111"]
[Black "Pidtoptanyy, Igor"]
[Result "1-0"]
[WhiteElo "1888"]
[BlackElo "1989"]
[PlyCount "41"]
[EventDate "2014.04.15"]
[EventType "swiss"]
[EventRounds "9"]
[EventCountry "GER"]
[SourceTitle "EXT 2022"]
[Source "ChessBase"]
[SourceDate "2021.10.06"]
[SourceVersion "1"]
[SourceVersionDate "2021.10.06"]
[SourceQuality "1"]

1. c4 e5 2. Nc3 Nf6 3. Nf3 Nc6 4. d4 exd4 5. Nxd4 Bb4 6. Nxc6 bxc6 7. Qb3 Qe7 8. a3 Bxc3+ 9. Qxc3 0-0 10. Bg5 d5 11. Bxf6 Qxf6 12. Qxf6 gxf6 13. e3 Ba6 14. 0-0-0 Rfd8 15. Be2 Rab8 16. Rd2 Kf8 17. Rhd1 Ke7 18. Rd4 Rg8 19. g3 Kd6 20. c5+ Kxc5 21. Bxa6 1-0

[Event "Mittelfranken-ch HT 63rd"]
[Site "Nuremberg"]
[Date "2014.04.16"]
[Round "3"]
[White "Kroneder, Christian"]
[Black "Pidtoptanyy, Igor"]
[Result "1/2-1/2"]
[WhiteElo "2059"]
[BlackElo "1989"]
[PlyCount "168"]
[EventDate "2014.04.15"]
[EventType "swiss"]
[EventRounds "9"]
[EventCountry "GER"]
[SourceTitle "EXT 2022"]
[Source "ChessBase"]
[SourceDate "2021.10.06"]
[SourceVersion "1"]
[SourceVersionDate "2021.10.06"]
[SourceQuality "1"]

1. e4 e6 2. d4 d5 3. Nd2 c5 4. exd5 exd5 5. Ngf3 Nc6 6. Bb5 a6 7. Be2 Nf6 8. 0-0 Be7 9. dxc5 Bxc5 10. Nb3 Be7 11. Nfd4 0-0 12. Bf3 Ne5 13. Be2 Qc7 14. h3 Bd7 15. Bg5 Rfe8 16. Nd2 Ne4 17. Be3 Rad8 18. N2f3 Nc4 19. Bc1 Bf6 20. c3 Ne5 21. Nxe5 Bxe5 22. Be3 Bf6 23. Bf3 Be5 24. Rc1 b5 25. Qb3 Bf4 26. Rfe1 Bxe3 27. Rxe3 Nd2 28. Rxe8+ Bxe8 29. Qd1 Ne4 30. Qe2 Bc6 31. Rd1 Re8 32. Qc2 g6 33. Qd3 Ng5 34. Nxc6 Nxf3+ 35. Qxf3 Qxc6 36. Rxd5 Re1+ 37. Kh2 Qc7+ 38. g3 Qe7 39. Rd2 Kg7 40. Qd5 Qf6 41. Kg2 Qe7 42. Qd4+ Kg8 43. Qd8+ Kg7 44. Qxe7 Rxe7 45. Rd6 Re2 46. Rxa6 Rxb2 47. a4 bxa4 48. Rxa4 Rc2 49. Rc4 Kf6 50. h4 h5 51. Rc7 Ke6 52. Kf3 Ra2 53. Ke3 f6 54. Rc6+ Kf5 55. f3 Rg2 56. Rc5+ Ke6 57. Kf4 Kd6 58. Ra5 Rc2 59. Ra6+ Ke7 60. Rc6 Rh2 61. Rc7+ Ke6 62. Rg7 Rc2 63. Rxg6 Rxc3 64. Rh6 Rc4+ 65. Ke3 Rc5 66. Rh7 Re5+ 67. Kf2 Ra5 68. Kg2 Rf5 69. Rb7 Rc5 70. Rh7 Rf5 71. g4 hxg4 72. fxg4 Rb5 73. h5 Rg5 74. Kf3 f5 75. gxf5+ Kxf5 76. Rh6 Rg8 77. Rb6 Kg5 78. Rb5+ Kh6 79. Kf4 Rg7 80. Rf5 Rg8 81. Rf7 Rg1 82. Rf5 Rf1+ 83. Ke5 Rxf5+ 84. Kxf5 Kxh5 1/2-1/2

[Event "Mittelfranken-ch HT 63rd"]
[Site "Nuremberg"]
[Date "2014.04.15"]
[Round "1"]
[White "Leopold, Christian"]
[Black "Pidtoptanyy, Igor"]
[Result "1/2-1/2"]
[WhiteElo "2060"]
[BlackElo "1989"]
[PlyCount "112"]
[EventDate "2014.04.15"]
[EventType "swiss"]
[EventRounds "9"]
[EventCountry "GER"]
[SourceTitle "EXT 2022"]
[Source "ChessBase"]
[SourceDate "2021.10.06"]
[SourceVersion "1"]
[SourceVersionDate "2021.10.06"]
[SourceQuality "1"]

1. e4 e5 2. Bc4 Nf6 3. d3 Nc6 4. Nc3 Be7 5. f4 d6 6. Nf3 Bg4 7. h3 Bxf3 8. Qxf3 Nd4 9. Qd1 c6 10. a4 d5 11. exd5 cxd5 12. Bb5+ Nxb5 13. Nxb5 a6 14. Nc3 exf4 15. Bxf4 0-0 16. 0-0 Qb6+ 17. Kh1 d4 18. Ne2 Nd5 19. c4 Nb4 20. Rf3 Rad8 21. Qd2 Bd6 22. Raf1 Bxf4 23. Rxf4 Rd6 24. Rf5 Rg6 25. a5 Qd6 26. c5 Qe7 27. Nxd4 Nc6 28. Nxc6 bxc6 29. d4 Re6 30. R1f2 Re1+ 31. Kh2 f6 32. d5 cxd5 33. Rxd5 Qc7+ 34. g3 Rfe8 35. b4 R1e3 36. Rd6 Kh8 37. Rg2 h5 38. h4 R3e4 39. Qd5 R8e5 40. Rd8+ Kh7 41. Qd3 f5 42. Rd4 Rxd4 43. Qxd4 Re4 44. Qd6 Qxd6 45. cxd6 Rd4 46. Rb2 Rxd6 47. b5 axb5 48. Kg2 b4 49. Rxb4 Rd2+ 50. Kf3 Ra2 51. Rb5 g6 52. Kf4 Kh6 53. Ke5 Ra3 54. Kf6 Rxg3 55. Rb8 Kh7 56. Rb7+ Kh6 1/2-1/2

[Event "Mittelfranken-chTB1 1314"]
[Site "Mittelfranken"]
[Date "2014.03.09"]
[Round "7.6"]
[White "Pidtoptanyy, Igor"]
[Black "Goetz, Martin"]
[Result "1/2-1/2"]
[WhiteElo "1828"]
[BlackElo "1793"]
[PlyCount "36"]
[EventDate "2013.10.20"]
[EventType "team-tourn"]
[EventRounds "9"]
[EventCountry "GER"]
[SourceTitle "EXT 2020"]
[Source "ChessBase"]
[SourceDate "2019.10.17"]
[SourceVersion "1"]
[SourceVersionDate "2019.10.17"]
[SourceQuality "1"]
[WhiteTeam "Nuernberg Sued SW III"]
[BlackTeam "Buechenbach/Roth"]
[WhiteTeamCountry "GER"]
[BlackTeamCountry "GER"]

1. e4 c5 2. c3 e6 3. d4 d5 4. exd5 Qxd5 5. Nf3 Nc6 6. Be2 cxd4 7. cxd4 Bb4+ 8. Nc3 Qa5 9. Bd2 Nge7 10. a3 Bd6 11. b4 Qb6 12. Na4 Qd8 13. Bg5 h6 14. Bxe7 Bxe7 15. Bb5 0-0 16. Bxc6 bxc6 17. 0-0 a5 18. Ne5 axb4 1/2-1/2

[Event "Mittelfranken-chTB1 1314"]
[Site "Mittelfranken"]
[Date "2014.01.26"]
[Round "5.8"]
[White "Pidtoptanyy, Igor"]
[Black "Blank, Helmut"]
[Result "0-1"]
[WhiteElo "1828"]
[BlackElo "1922"]
[PlyCount "120"]
[EventDate "2013.10.20"]
[EventType "team-tourn"]
[EventRounds "9"]
[EventCountry "GER"]
[SourceTitle "EXT 2020"]
[Source "ChessBase"]
[SourceDate "2019.10.17"]
[SourceVersion "1"]
[SourceVersionDate "2019.10.17"]
[SourceQuality "1"]
[WhiteTeam "Nuernberg Sued SW III"]
[BlackTeam "Nuernberg Zabo"]
[WhiteTeamCountry "GER"]
[BlackTeamCountry "GER"]

1. e4 Nf6 2. e5 Nd5 3. Bc4 e6 4. d4 d6 5. Nf3 Nc6 6. 0-0 Be7 7. c3 0-0 8. Bd3 f5 9. a3 Bd7 10. c4 Nb6 11. b4 d5 12. c5 Nc8 13. Bd2 Be8 14. b5 Nb8 15. Qc1 c6 16. Nc3 cxb5 17. Nxb5 Bxb5 18. Bxb5 Qc7 19. Ng5 Bxg5 20. Bxg5 Nc6 21. Rd1 N8e7 22. Be3 Rab8 23. f4 Rfc8 24. Qd2 Qd8 25. a4 Na5 26. Rab1 Qc7 27. Qe1 Nac6 28. Be2 Qa5 29. Rb5 Qc7 30. Rdb1 Nd8 31. Qd2 Nec6 32. a5 Kf8 33. Bf2 Qe7 34. R1b3 Kg8 35. a6 bxa6 36. Rxb8 Rxb8 37. Rxb8 Nxb8 38. Qa5 Ndc6 39. Qa4 Qb7 40. Be3 a5 41. Qb5 Qxb5 42. Bxb5 Kf7 43. Kf2 Ke7 44. Ke2 Kd8 45. Kd3 Nb4+ 46. Kc3 N8c6 47. Kb3 Kc7 48. Be2 a4+ 49. Kxa4 Nc2 50. Bf2 N2xd4 51. Bd1 a6 52. Be1 Nb5 53. Be2 Ncd4 54. Bd3 Kc6 55. Ka5 Nb3+ 56. Kb4 Nxc5 57. Be2 Nd4 58. Bd1 Nd3+ 59. Kc3 Nxe1 60. Kxd4 Nxg2 0-1

[Event "Bayern-ch Seniors 25th"]
[Site "Bergen"]
[Date "2013.06.22"]
[Round "9.11"]
[White "Pidtoptanyy, Igor"]
[Black "Braeu, Ludwig"]
[Result "1/2-1/2"]
[WhiteElo "1848"]
[BlackElo "1695"]
[PlyCount "25"]
[EventDate "2013.06.15"]
[EventType "swiss"]
[EventRounds "9"]
[EventCountry "GER"]
[SourceTitle "EXT 2022"]
[Source "ChessBase"]
[SourceDate "2021.10.06"]
[SourceVersion "1"]
[SourceVersionDate "2021.10.06"]
[SourceQuality "1"]

1. e4 c5 2. Nf3 Nc6 3. d4 cxd4 4. Nxd4 g6 5. c4 Bg7 6. Be3 Nf6 7. Nc3 d6 8. Be2 Bd7 9. 0-0 Nxd4 10. Bxd4 Bc6 11. f3 0-0 12. Nd5 Nd7 13. Bxg7 1/2-1/2

[Event "Bayern-ch Seniors 25th"]
[Site "Bergen"]
[Date "2013.06.20"]
[Round "7.7"]
[White "Ditmas, Hugh"]
[Black "Pidtoptanyy, Igor"]
[Result "1-0"]
[WhiteElo "1922"]
[BlackElo "1848"]
[PlyCount "73"]
[EventDate "2013.06.15"]
[EventType "swiss"]
[EventRounds "9"]
[EventCountry "GER"]
[SourceTitle "EXT 2022"]
[Source "ChessBase"]
[SourceDate "2021.10.06"]
[SourceVersion "1"]
[SourceVersionDate "2021.10.06"]
[SourceQuality "1"]

1. d4 Nf6 2. c4 e5 3. dxe5 Ng4 4. Bf4 g5 5. Bg3 Nc6 6. Nf3 Bg7 7. h4 Ngxe5 8. Nxe5 Nxe5 9. hxg5 Qxg5 10. Nc3 0-0 11. e3 d6 12. Rh5 Qd8 13. Qc2 f5 14. Be2 Be6 15. Nd5 c6 16. Nf4 Qa5+ 17. Kf1 Bd7 18. a3 Rf6 19. b4 Qc7 20. Rg5 Rh6 21. Kg1 Nf7 22. Rxg7+ Kxg7 23. Qc3+ Ne5 24. Nh5+ Kf7 25. c5 Re8 26. cxd6 Qxd6 27. Rd1 Qg6 28. Bxe5 Be6 29. Nf4 Qg5 30. Nxe6 Qh4 31. Rd7+ Re7 32. Rxe7+ Kxe7 33. Qc5+ Kxe6 34. Qd6+ Kf7 35. Qd7+ Qe7 36. Bc4+ Kf8 37. Bg7+ 1-0

[Event "Bayern-ch Seniors 25th"]
[Site "Bergen"]
[Date "2013.06.18"]
[Round "4.15"]
[White "Lueders, Guenter"]
[Black "Pidtoptanyy, Igor"]
[Result "1/2-1/2"]
[WhiteElo "1659"]
[BlackElo "1848"]
[PlyCount "81"]
[EventDate "2013.06.15"]
[EventType "swiss"]
[EventRounds "9"]
[EventCountry "GER"]
[SourceTitle "EXT 2022"]
[Source "ChessBase"]
[SourceDate "2021.10.06"]
[SourceVersion "1"]
[SourceVersionDate "2021.10.06"]
[SourceQuality "1"]

1. d4 Nf6 2. Nf3 d5 3. Bf4 Bf5 4. h3 e6 5. e3 Bd6 6. Bxd6 Qxd6 7. a3 Nbd7 8. Bd3 Bxd3 9. Qxd3 0-0 10. Nbd2 e5 11. dxe5 Nxe5 12. Nxe5 Qxe5 13. Qb3 b6 14. 0-0 c5 15. c3 Rfd8 16. Qc2 Ne4 17. Nf3 Qh5 18. Rad1 c4 19. Nd4 Nc5 20. Qf5 Qxf5 21. Nxf5 Nd3 22. Rd2 g6 23. Nd4 Re8 24. Nf3 Rad8 25. Rfd1 f6 26. Ne1 Nxe1 27. Rxe1 Kf7 28. Red1 Re5 29. Rd4 Ke7 30. g4 Rd6 31. Kg2 Ke6 32. Kf3 f5 33. Ke2 Re4 34. gxf5+ gxf5 35. f3 Rxd4 36. exd4 f4 37. Rg1 Rd7 38. Rg4 Rf7 39. Rh4 Kd7 40. Rh5 Kc6 41. Rh6+ 1/2-1/2

[Event "Bayern-ch Seniors 25th"]
[Site "Bergen"]
[Date "2013.06.17"]
[Round "3.16"]
[White "Pidtoptanyy, Igor"]
[Black "Perzl, Michael"]
[Result "1/2-1/2"]
[WhiteElo "1848"]
[BlackElo "1711"]
[PlyCount "124"]
[EventDate "2013.06.15"]
[EventType "swiss"]
[EventRounds "9"]
[EventCountry "GER"]
[SourceTitle "EXT 2022"]
[Source "ChessBase"]
[SourceDate "2021.10.06"]
[SourceVersion "1"]
[SourceVersionDate "2021.10.06"]
[SourceQuality "1"]

1. e4 e6 2. d4 d5 3. Nc3 dxe4 4. Nxe4 Be7 5. Nf3 Nd7 6. Bd3 Ngf6 7. Nxf6+ Nxf6 8. 0-0 0-0 9. Qe2 b6 10. Bg5 Bb7 11. c3 Rc8 12. Rad1 h6 13. Bh4 Qd5 14. Bxf6 Bxf6 15. Rfe1 Rfd8 16. Be4 Qxe4 17. Qxe4 Bxe4 18. Rxe4 Rd6 19. Ree1 Rcd8 20. Rc1 g6 21. g3 h5 22. Nd2 Rd5 23. Ne4 Bg7 24. f4 b5 25. b4 c6 26. h4 Re8 27. Nc5 Bf8 28. Na6 Rd7 29. a4 Rb7 30. axb5 cxb5 31. Ra1 Rc8 32. Nc5 Bxc5 33. bxc5 Rc6 34. Reb1 a6 35. Rb4 Rd7 36. Kf2 f6 37. Re1 Kf7 38. Rb2 Rd5 39. Re4 e5 40. Rbe2 b4 41. fxe5 bxc3 42. e6+ Ke7 43. Ke3 f5 44. Rf4 a5 45. Rc2 Kxe6 46. Rxc3 Rd8 47. Rf2 Kd5 48. Rd3 Rb8 49. Ra2 Rb5 50. Ra4 Re6+ 51. Kf4 Re4+ 52. Kf3 Rb4 53. Rxa5 Rbxd4 54. Rxd4+ Rxd4 55. c6+ Kd6 56. Ra7 Rc4 57. c7 Kd7 58. Kf2 f4 59. gxf4 Rxf4+ 60. Kg3 Rc4 61. Ra6 Rg4+ 62. Kh3 Kxc7 1/2-1/2

[Event "Bayern-ch Seniors 25th"]
[Site "Bergen"]
[Date "2013.06.15"]
[Round "1.18"]
[White "Pidtoptanyy, Igor"]
[Black "Aufmwasser, Guenter"]
[Result "1-0"]
[WhiteElo "1848"]
[BlackElo "1571"]
[PlyCount "57"]
[EventDate "2013.06.15"]
[EventType "swiss"]
[EventRounds "9"]
[EventCountry "GER"]
[SourceTitle "EXT 2022"]
[Source "ChessBase"]
[SourceDate "2021.10.06"]
[SourceVersion "1"]
[SourceVersionDate "2021.10.06"]
[SourceQuality "1"]

1. e4 e5 2. d4 d6 3. dxe5 Be6 4. Nf3 Nc6 5. Bb5 f6 6. Nd4 Qd7 7. exd6 Bxd6 8. Nxe6 Qxe6 9. Qd5 Qd7 10. Bxc6 bxc6 11. Qb3 Qc8 12. Qc4 Ne7 13. Nc3 Rb8 14. a3 Qg4 15. 0-0 h5 16. h3 Qh4 17. Qe6 Rd8 18. Be3 Rf8 19. Rad1 g5 20. e5 Bxe5 21. Rxd8+ Kxd8 22. g3 Bxg3 23. fxg3 Qxg3+ 24. Kh1 g4 25. Bf4 Qxh3+ 26. Kg1 f5 27. Rd1+ Ke8 28. Rd3 Qh4 29. Bxc7 1-0

[Event "Mittelfranken-chTB1 1213"]
[Site "Germany"]
[Date "2012.10.21"]
[Round "2.7"]
[White "Ceglar, Michael"]
[Black "Pidtoptanyy, Igor"]
[Result "1-0"]
[WhiteElo "1873"]
[BlackElo "1879"]
[PlyCount "45"]
[EventDate "2012.10.07"]
[EventType "team-tourn"]
[EventRounds "9"]
[EventCountry "GER"]
[SourceTitle "EXT 2019"]
[Source "ChessBase"]
[SourceDate "2018.10.10"]
[SourceVersion "1"]
[SourceVersionDate "2018.10.10"]
[SourceQuality "1"]
[WhiteTeam "Postbauer Heng"]
[BlackTeam "Nuernberg Sued SW III"]
[WhiteTeamCountry "GER"]
[BlackTeamCountry "GER"]

1. e4 e6 2. d4 d5 3. exd5 exd5 4. Nf3 Nf6 5. Be2 Bd6 6. Bg5 0-0 7. 0-0 Bf5 8. Nc3 c6 9. Ne5 Be7 10. Bd3 Bxd3 11. Qxd3 Nbd7 12. Rae1 Re8 13. Re2 Nf8 14. Rfe1 Ne6 15. Nxf7 Kxf7 16. Rxe6 Qd7 17. Qf5 Kg8 18. Kf1 Qc7 19. Bxf6 gxf6 20. R1e3 Rad8 21. Qh5 Qd7 22. Rg3+ Kh8 23. Qf7 1-0

[Event "Mittelfranken-chTB1 1213"]
[Site "Germany"]
[Date "2012.10.07"]
[Round "6.6"]
[White "Pidtoptanyy, Igor"]
[Black "Klein, Waldemar"]
[Result "1/2-1/2"]
[WhiteElo "1879"]
[BlackElo "1927"]
[PlyCount "86"]
[EventDate "2012.10.07"]
[EventType "team-tourn"]
[EventRounds "9"]
[EventCountry "GER"]
[SourceTitle "EXT 2019"]
[Source "ChessBase"]
[SourceDate "2018.10.10"]
[SourceVersion "1"]
[SourceVersionDate "2018.10.10"]
[SourceQuality "1"]
[WhiteTeam "Nuernberg Sued SW III"]
[BlackTeam "Nuernberg Sued SW II"]
[WhiteTeamCountry "GER"]
[BlackTeamCountry "GER"]

1. e4 c6 2. d4 g6 3. Nf3 d5 4. exd5 cxd5 5. Bb5+ Bd7 6. Bxd7+ Qxd7 7. 0-0 Nc6 8. Bf4 Bg7 9. Re1 e6 10. Nc3 Nge7 11. Ne2 0-0 12. Ng3 b5 13. Qd2 Nc8 14. Bh6 Nd6 15. Bxg7 Kxg7 16. Qg5 Ne8 17. Ne5 Nxe5 18. Qxe5+ Kg8 19. Re3 Qc7 20. Rb3 a6 21. Qxc7 Nxc7 22. Rc3 Rfc8 23. a3 Ne8 24. Rxc8 Rxc8 25. c3 Nd6 26. Kf1 Nc4 27. Ra2 h5 28. Ke1 Kg7 29. Nf1 g5 30. f3 a5 31. b3 Nb6 32. Kd2 a4 33. b4 f6 34. Kd3 Nc4 35. Nd2 Nd6 36. Ra1 e5 37. Re1 Re8 38. g3 g4 39. dxe5 fxe5 40. f4 Kf6 41. fxe5+ Rxe5 42. Rxe5 Kxe5 43. Ke3 Nc4+ 1/2-1/2

[Event "Bayern-ch Seniors 24nd"]
[Site "Bergen"]
[Date "2012.06.18"]
[Round "3"]
[White "Gerdes, Hans"]
[Black "Pidtoptanyy, Igor"]
[Result "0-1"]
[WhiteElo "1632"]
[BlackElo "1878"]
[PlyCount "114"]
[EventDate "2012.06.16"]
[EventType "swiss"]
[EventRounds "9"]
[EventCountry "GER"]
[SourceTitle "EXT 2015"]
[Source "ChessBase"]
[SourceDate "2014.11.20"]
[SourceVersion "1"]
[SourceVersionDate "2014.11.20"]
[SourceQuality "1"]

1. e4 e6 2. d4 d5 3. e5 c5 4. c3 Nc6 5. Be3 Qb6 6. Qe2 cxd4 7. cxd4 Nge7 8. Nf3 Nf5 9. Qb5 Nxe3 10. fxe3 Bd7 11. Qxb6 axb6 12. a3 Nb4 13. Kd2 Be7 14. Nc3 0-0 15. Be2 Nc6 16. Rhc1 Na5 17. Kc2 Rfc8 18. b4 Nc4 19. Bxc4 Rxc4 20. Kd3 Rac8 21. Kd2 b5 22. Ne1 Bg5 23. Ne2 f6 24. Nd3 b6 25. exf6 gxf6 26. Ndf4 Kf7 27. Rxc4 bxc4 28. Nc3 b5 29. g3 Ke7 30. h4 Bh6 31. g4 Rg8 32. Rg1 Bc6 33. Ke2 Bxf4 34. exf4 Kd6 35. g5 e5 36. dxe5+ fxe5 37. f5 d4 38. Nd1 Be4 39. f6 Bg6 40. Rh1 Bh5+ 41. Kd2 c3+ 42. Nxc3 dxc3+ 43. Kxc3 Rc8+ 44. Kd2 Kd5 45. Kd3 e4+ 46. Ke3 Rc3+ 47. Kd2 Rd3+ 48. Kc1 Rxa3 49. Kb2 Rf3 50. Rd1+ Kc4 51. Rd7 Rf2+ 52. Kc1 e3 53. Re7 Rf1+ 54. Kc2 e2 55. f7 Rxf7 56. Re4+ Kd5 57. Re3 Rf1 0-1

[Event "Bayern-ch Seniors 24nd"]
[Site "Bergen"]
[Date "2012.06.16"]
[Round "1"]
[White "Roth, Karlheinz"]
[Black "Pidtoptanyy, Igor"]
[Result "0-1"]
[WhiteElo "1539"]
[BlackElo "1878"]
[PlyCount "39"]
[EventDate "2012.06.16"]
[EventType "swiss"]
[EventRounds "9"]
[EventCountry "GER"]
[SourceTitle "EXT 2015"]
[Source "ChessBase"]
[SourceDate "2014.11.20"]
[SourceVersion "1"]
[SourceVersionDate "2014.11.20"]
[SourceQuality "1"]

1. Nf3 Nf6 2. c4 e6 3. e3 d5 4. cxd5 exd5 5. Be2 Bd6 6. b3 0-0 7. Bb2 Bf5 8. Nc3 c6 9. d3 Re8 10. 0-0 Nbd7 11. Nd4 Bg6 12. a3 Qe7 13. b4 h6 14. Bf3 Ne5 15. Be2 a5 16. Nc2 Bf5 17. d4 Nc4 18. Rb1 Nxb2 19. Rxb2 Bd3 20. Ne4 0-1